[Event "Druzynowe Mistrzostwa Polski - II liga"]
[Site "Sypniewo k. Jastrowia"]
[Date "1899-12-30"]
[Round "6.94"]
[White "Wawrzyniak, Pawel"]
[Black "Szmacinski, Slawomir"]
[Result "1-0"]
[WhiteTitle "I"]
[BlackTitle "I"]
[WhiteElo "1764"]
[BlackElo "1857"]

1. d4 Nf6 2. c4 e6 3. Nf3 b6 4. g3 Ba6 5. b3 Bb4+ 6. Bd2 Be7 7. Bg2 O-O 8. O-O
d5 9. Ne5 Bb7 10. Nc3 c6 11. cxd5 exd5 12. Bf4 Nbd7 13. Rc1 Rc8 14. Bh3 Ra8 15.
Qd3 g6 16. Bg2 Nh5 17. Bh6 Ng7 18. Rfd1 f5 19. Nxc6 Bxc6 20. Nxd5 Bxd5 21. Bxd5+
Kh8 22. Bxa8 Qxa8 23. Rc7 Qd8 24. Rxa7 Bf6 25. Qb5 Ne5 26. dxe5 Qxd1+ 27. Kg2
Qa1 28. exf6 1-0

[Event "Druzynowe Mistrzostwa Polski - II liga"]
[Site "Sypniewo k. Jastrowia"]
[Date "1899-12-30"]
[Round "6.95"]
[White "Kelm, Robert"]
[Black "Rusinski, Mateusz"]
[Result "0-1"]
[WhiteTitle "I"]
[BlackTitle "I"]
[WhiteElo "1661"]
[BlackElo "1751"]

1. e4 e5 2. Nf3 Nc6 3. Bb5 Nf6 4. d3 Bc5 5. O-O d6 6. c3 Bb6 7. Nbd2 Bg4 8. h3
Bd7 9. Re1 h6 10. Nf1 Qe7 11. Be3 O-O-O 12. N3h2 g5 13. Bxb6 cxb6 14. Ne3 Rdg8
15. Qf3 h5 16. Nf5 Qf8 17. d4 g4 18. Qe3 gxh3 19. Qxh3 Ng4 20. Rad1 Bxf5 21. exf5
exd4 22. cxd4 Nf6 23. d5 Ne5 24. Qc3+ Kb8 25. Rxe5 Qg7 26. g3 dxe5 27. Qxe5+ Ka8
28. d6 h4 29. Nf1 hxg3 30. fxg3 Qh6 31. Rd4 Ng4 32. Qe4 Nf6 33. Qf3 Qh5 34. Kf2
Qxf3+ 35. Kxf3 Kb8 36. Bc4 Rh7 37. a4 Rd8 38. Kf4 Ne8 39. Ke5 a6 40. g4 f6+ 41.
Ke6 Rhd7 42. Ne3 Nxd6 43. g5 fxg5 44. f6 Kc8 45. Nd5 Nxc4 46. Rxc4+ Kb8 47. Ne7
Rd2 48. Nf5 Rf2 49. Re4 Re8+ 50. Ne7 Rf8 51. Nf5 Rxb2 52. Ke7 Rc8 53. f7 Rf2 54.
Re5 g4 55. Nd6 Rh8 56. Nf5 Rc8 57. Nd6 Rc7+ 58. Ke8 g3 59. f8=Q Rxf8+ 60. Kxf8
Rd7 61. Nc4 Rd4 62. Nxb6 Rg4 63. Re1 Kc7 64. Nd5+ Kc6 65. Ne3 Rxa4 66. Rc1+ Kb6
67. Ng2 Ra2 68. Rg1 Ka5 69. Ke7 b5 70. Kd6 b4 71. Ne3 b3 72. Rxg3 b2 73. Nc4+
Kb4 74. Nxb2 Rxb2 75. Rg8 a5 76. Rb8+ Kc3 77. Rxb2 Kxb2 78. Kc5 Kb3 0-1

[Event "Druzynowe Mistrzostwa Polski - II liga"]
[Site "Sypniewo k. Jastrowia"]
[Date "1899-12-30"]
[Round "6.96"]
[White "Leszner, Liliana"]
[Black "Szmacinska, Grazyna"]
[Result "0-1"]
[WhiteTitle "WIM"]
[BlackTitle "WIM"]
[WhiteElo "1889"]
[BlackElo "2056"]

1. e4 e5 2. Nf3 Nc6 3. Bc4 Bc5 4. O-O Nf6 5. d3 h6 6. c3 d6 7. b4 Bb6 8. a4 a6
9. h3 O-O 10. Na3 Qe7 11. Nh4 Kh8 12. Qf3 Be6 13. Bxe6 Qxe6 14. Nc4 Ne7 15. Be3
Ba7 16. g4 Nfg8 17. Nf5 Bxe3 18. Ncxe3 g6 19. Ng3 c6 20. h4 d5 21. Rae1 Rad8 22.
g5 f5 23. gxf6 Rxf6 24. Qg4 d4 25. cxd4 Rxd4 26. Qd1 Rxb4 27. h5 gxh5 28. Qxh5
Rg6 29. a5 Rg5 30. Qf3 Ng6 31. Ng2 Qh3 32. Rb1 Rb5 33. Rxb5 axb5 34. Qf7 h5 35.
Qxb7 Nf4 36. Nxf4 exf4 37. Qb6 f3 38. Qd4+ Kh7 39. Qd7+ Qxd7 0-1

[Event "Druzynowe Mistrzostwa Polski - II liga"]
[Site "Sypniewo k. Jastrowia"]
[Date "1899-12-30"]
[Round "6.97"]
[White "Dziewonski, Dariusz"]
[Black "Kowalak, Piotr"]
[Result "1/2-1/2"]
[WhiteTitle "I++"]
[BlackTitle "k"]
[WhiteElo "2015"]
[BlackElo "2096"]

1. e4 c5 2. Nf3 e6 3. d4 cxd4 4. Nxd4 Qb6 5. Nb3 Qc7 6. Nc3 a6 7. g3 Nf6 8. Bg2
d6 9. O-O Be7 10. a4 Bd7 11. a5 Bc6 12. Be3 Nbd7 13. f4 O-O 14. g4 Nc5 15. Nxc5
dxc5 16. g5 Rad8 17. Qe2 Nd7 18. Qc4 Ra8 19. h4 b5 20. axb6 Nxb6 21. Qe2 Bb7 22.
Na4 Nxa4 23. Rxa4 Rfc8 24. h5 c4 25. Kh1 Qc6 26. Raa1 Bc5 27. Rad1 Rd8 28. Rxd8+
Rxd8 29. Rd1 Rxd1+ 30. Qxd1 Be7 31. Qd2 Kf8 32. h6 gxh6 33. Qd4 Ke8 34. Qh8+ Kd7
35. Qxh7 hxg5 36. fxg5 Qb5 37. Qxf7 Qxb2 38. g6 Qf6 39. Qxf6 Bxf6 40. Bc5 Bg7
1/2-1/2

[Event "Druzynowe Mistrzostwa Polski - II liga"]
[Site "Sypniewo k. Jastrowia"]
[Date "1899-12-30"]
[Round "6.98"]
[White "Kolodziejski, Piotr"]
[Black "Maj, Samuel"]
[Result "1/2-1/2"]
[WhiteTitle "I+"]
[BlackTitle "I"]
[WhiteElo "2048"]
[BlackElo "1839"]

1. e4 c5 2. Nf3 d6 3. d4 cxd4 4. Nxd4 Nf6 5. Nc3 a6 6. Be2 e5 7. Nb3 Be7 8. O-O
O-O 9. Re1 Be6 10. Bf3 Nbd7 11. a4 Rc8 12. a5 Qc7 13. Nd2 Nb8 14. Nf1 Nc6 15.
Bd2 Nxa5 16. Nd5 Bxd5 17. Bxa5 b6 18. exd5 bxa5 19. Ne3 Bd8 20. b3 Qa7 21. Nc4
Bb6 22. Qd2 Qc7 23. g3 Rfd8 24. Re2 Bd4 25. c3 Bb6 26. Qd1 Qc5 27. Bg2 e4 28.
Nxb6 Qxb6 29. c4 Re8 30. Re3 Rb8 31. Qe2 Re5 32. h3 h6 33. Qe1 Qb4 34. Qxb4 Rxb4
35. Rxa5 Rb6 36. Kf1 Kf8 37. Ra3 Ke7 38. Re1 h5 39. Ke2 Nd7 40. Kd2 Nc5 41. Kc3
f5 42. f4 exf3 43. Rxe5+ dxe5 44. Bxf3 Rg6 45. g4 fxg4 46. hxg4 Rf6 47. Be2 h4
48. b4 Ne4+ 49. Kd3 Nf2+ 50. Ke3 h3 51. d6+ Kd7 52. Bf3 h2 53. Ra1 e4 54. Kxf2
Rxf3+ 55. Kg2 Rc3 56. Kxh2 Rxc4 1/2-1/2

[Event "Druzynowe Mistrzostwa Polski - II liga"]
[Site "Sypniewo k. Jastrowia"]
[Date "1899-12-30"]
[Round "6.99"]
[White "Pietrzak, Tomasz"]
[Black "Komendecki, Jacek"]
[Result "0-1"]
[WhiteTitle "I"]
[BlackTitle "k"]
[WhiteElo "1757"]
[BlackElo "1981"]

1. d4 Nf6 2. c4 e6 3. g3 d5 4. Nf3 Bb4+ 5. Bd2 a5 6. Bg2 O-O 7. O-O dxc4 8. Qc2
Bxd2 9. Nbxd2 b5 10. a4 c6 11. b3 cxb3 12. Nxb3 b4 13. Ne5 Nd5 14. Nxc6 Nxc6 15.
Qxc6 Ra6 16. Qc4 Bb7 17. Nc5 Rb6 18. e4 Nc3 19. Rfe1 Ba8 20. Nb3 Rc6 21. Qd3 Rd6
22. f4 Qb6 23. Kh1 Rfd8 24. d5 f5 25. Qe3 Qxe3 26. Rxe3 fxe4 27. dxe6 Rxe6 28.
Nxa5 Bd5 29. Bf1 Rc8 30. Rc1 Rc5 31. Bb5 Re7 32. Rc2 Ra7 33. Nc4 Bxc4 34. Rexc3
bxc3 35. Rxc3 Rac7 0-1

[Event "Druzynowe Mistrzostwa Polski - II liga"]
[Site "Sypniewo k. Jastrowia"]
[Date "1899-12-30"]
[Round "6.100"]
[White "Komendecki, Antoni"]
[Black "Piwowarczyk, Bartlomiej"]
[Result "1-0"]
[WhiteTitle "I++"]
[BlackTitle "I++"]
[WhiteElo "1845"]
[BlackElo "1884"]

1. e4 c5 2. Nf3 e6 3. d4 cxd4 4. Nxd4 Nf6 5. Nc3 Nc6 6. Be2 Bb4 7. Bf3 O-O 8. O-O
Bxc3 9. bxc3 a6 10. Ba3 Re8 11. Nxc6 dxc6 12. Qxd8 Rxd8 13. Rfd1 Re8 14. Rd6 e5
15. Rb1 b5 16. Rxc6 Bb7 17. Rb6 Bxe4 18. Rxf6 gxf6 19. Bxe4 Rad8 20. f3 Rc8 21.
Bb4 Rc7 22. Rd1 Kg7 23. a3 Ra7 24. Ba5 Ree7 25. Bf5 Ra8 26. Rd6 Ree8 27. Be4 Ra7
28. Bb6 Rae7 29. Bf5 Rb7 30. Bd8 a5 31. Bxa5 Ra7 32. Bb4 Raa8 33. Bd3 Rab8 34.
Rd5 f5 35. Bd6 1-0

[Event "Druzynowe Mistrzostwa Polski - II liga"]
[Site "Sypniewo k. Jastrowia"]
[Date "1899-12-30"]
[Round "6.101"]
[White "Soliwoda, Zygmunt"]
[Black "Lewandowski, Wiktor"]
[Result "1/2-1/2"]
[WhiteTitle "II+"]
[BlackTitle "I"]
[WhiteElo "1593"]
[BlackElo "1812"]

1. d4 Nf6 2. c4 e6 3. Nc3 d5 4. Bg5 c6 5. e3 Nbd7 6. Nf3 Qa5 7. Bxf6 Nxf6 8. a3
Ne4 9. Qb3 Nxc3 10. Qxc3 Qxc3+ 11. bxc3 Be7 12. a4 dxc4 13. Bxc4 a5 14. Rb1 O-O
15. Ke2 Rb8 16. Ne5 Bd6 17. Nd3 Rd8 18. Rb2 Bc7 19. Rhb1 b6 20. Nc5 Ra8 21. Ne4
Bd7 22. f4 Rab8 23. Bd3 h6 24. c4 f5 25. Nc3 Kf7 26. c5 bxc5 27. dxc5 Rxb2+ 28.
Rxb2 Rb8 29. Nd1 e5 30. g3 g5 31. fxe5 Bxe5 32. Rxb8 Bxb8 33. Nb2 Kf6 34. Nc4
Bc7 35. Nb6 Be8 36. Ba6 h5 37. Bc8 h4 38. gxh4 gxh4 39. h3 Ke5 1/2-1/2

[Event "Druzynowe Mistrzostwa Polski - II liga"]
[Site "Sypniewo k. Jastrowia"]
[Date "1899-12-30"]
[Round "6.102"]
[White "Karykowska, Anna"]
[Black "Uliasz, Katarzyna"]
[Result "1-0"]
[WhiteTitle "k+"]
[BlackTitle "I++"]
[WhiteElo "1982"]
[BlackElo "1569"]

1. e4 c5 2. Nf3 Nc6 3. d4 cxd4 4. Nxd4 g6 5. Nc3 Bg7 6. Nde2 Nf6 7. g3 O-O 8. Bg2
b6 9. O-O Ba6 10. h3 Rc8 11. Re1 Bxe2 12. Qxe2 d6 13. Rd1 Qc7 14. Nb5 Qb8 15.
c3 Ne5 16. Nd4 Nc4 17. b3 Na5 18. c4 Nd7 19. Bb2 Ne5 20. Rac1 Nac6 21. Nb5 Nb4
22. Bc3 Nbc6 23. Qb2 f6 24. h4 a6 25. Nd4 Nxd4 26. Bxd4 Nc6 27. Be3 Ne5 28. Qd4
b5 29. Qd5+ Kh8 30. Bh3 Rc7 31. f4 Nd7 32. cxb5 axb5 33. Rxc7 Qxc7 34. Qxb5 Nc5
35. Rc1 Rb8 36. Qc4 Qa5 37. Bxc5 dxc5 38. Qxc5 Qxa2 39. Be6 Bf8 40. Qc7 Qd2 41.
Qxb8 Qxc1+ 42. Kh2 Kg7 43. Qe8 Qf1 44. Qf7+ Kh6 45. Qxf8+ Kh5 46. g4+ Kxh4 47.
Qh6# 1-0

[Event "Druzynowe Mistrzostwa Polski - II liga"]
[Site "Sypniewo k. Jastrowia"]
[Date "1899-12-30"]
[Round "7.1"]
[White "Kowalczyk, Pawel"]
[Black "Laszewicz, Pawel"]
[Result "1-0"]
[WhiteTitle "m"]
[BlackTitle "k"]
[WhiteElo "2339"]
[BlackElo "2108"]

1. a3 e5 2. c4 Nf6 3. d3 Nc6 4. b4 d5 5. cxd5 Nxd5 6. Bb2 a5 7. b5 Nd4 8. e3 Nxb5
9. Bxe5 Nxa3 10. Nd2 c6 11. Ngf3 f6 12. Bb2 Nb5 13. d4 a4 14. Bc4 Qa5 15. O-O
Bg4 16. Qc2 Nd6 17. Rfb1 Nb6 18. Bc3 Qa7 19. Bd3 Be6 20. e4 Bb3 21. Nxb3 axb3
22. Qxb3 Na4 23. Qe6+ Be7 24. Bb4 Qb8 25. e5 Qc8 26. Qb3 fxe5 1-0

[Event "Druzynowe Mistrzostwa Polski - II liga"]
[Site "Sypniewo k. Jastrowia"]
[Date "1899-12-30"]
[Round "7.2"]
[White "Majocha, Piotr"]
[Black "Velicka, Petr"]
[Result "0-1"]
[WhiteTitle "I++"]
[BlackTitle "GM"]
[WhiteElo "1980"]
[BlackElo "2393"]

1. c4 c5 2. Nc3 Nc6 3. g3 b6 4. Bg2 Bb7 5. Nf3 Ne5 6. b3 Nf6 7. d4 Nxf3+ 8. Bxf3
Bxf3 9. exf3 cxd4 10. Qxd4 e6 11. O-O Bc5 12. Qd3 O-O 13. Bg5 h6 14. Bxf6 Qxf6
15. Ne4 Qe7 16. Nxc5 bxc5 17. Rad1 Rfd8 18. Qd6 Kf8 19. Rd3 a5 20. Rfd1 Qxd6 21.
Rxd6 Ke7 22. Rb6 Rdb8 23. Rdd6 a4 24. f4 Kd8 25. Rxb8+ Rxb8 26. Rd3 axb3 27. axb3
Kc7 28. Kf1 Kc6 29. f5 exf5 30. Ke2 Re8+ 31. Kd2 Re4 32. f4 h5 33. h4 Re8 34.
Re3 Rxe3 35. Kxe3 d5 36. cxd5+ Kxd5 37. Kd3 Kd6 38. Kc3 Kc7 39. Kd2 Kc6 40. Kc2
Kb6 41. Kd3 Kb5 42. Kc3 Kc6 43. Kc2 Kd5 44. Kd3 g6 45. Ke3 c4 46. bxc4+ Kxc4 47.
Ke2 Kc3 48. Ke3 f6 49. Ke2 Kc2 50. Ke3 Kd1 51. Kf2 Kd2 52. Kf1 Ke3 53. Kg1 Kf3
54. Kh2 Kf2 55. Kh3 Kg1 0-1

[Event "Druzynowe Mistrzostwa Polski - II liga"]
[Site "Sypniewo k. Jastrowia"]
[Date "1899-12-30"]
[Round "7.3"]
[White "Szotkowski, Jakub"]
[Black "Machlowski, Slawomir"]
[Result "1-0"]
[WhiteTitle "IM"]
[BlackTitle "I+"]
[WhiteElo "2353"]
[BlackElo "2063"]

1. d4 e6 2. g3 Nf6 3. c4 d5 4. Bg2 Bb4+ 5. Bd2 c5 6. Bxb4 cxb4 7. Nf3 O-O 8. O-O
Bd7 9. Qb3 Qe7 10. e3 dxc4 11. Qxc4 Rc8 12. Qd3 a6 13. a4 Ra7 14. Ne5 Be8 15.
Nd2 b6 16. Ndc4 Qd8 17. Qb3 a5 18. Rfd1 b5 19. axb5 Bxb5 20. e4 Nc6 21. Nxc6 Rxc6
22. Ne3 Rc8 23. e5 Nd7 24. Bf1 Qb6 25. Bc4 Rac7 26. Bxb5 Qxb5 27. Qa4 Qe2 28.
Qxa5 Qxb2 29. Rab1 Qe2 30. Qxb4 h5 31. Qd2 Qf3 32. h4 g6 33. Rdc1 Qe4 34. Re1
Qc6 35. Qb4 Qf3 36. Qb2 Kg7 37. Rec1 Rb8 38. Rxc7 Rxb2 39. Rxb2 1-0

[Event "Druzynowe Mistrzostwa Polski - II liga"]
[Site "Sypniewo k. Jastrowia"]
[Date "1899-12-30"]
[Round "7.4"]
[White "Szydelko, Michal"]
[Black "Eggink, Ryszard"]
[Result "0-1"]
[WhiteTitle "I+"]
[BlackTitle "m"]
[WhiteElo "1754"]
[BlackElo "2387"]

1. e4 d5 2. exd5 Qxd5 3. Nc3 Qd6 4. Nf3 Nf6 5. h3 a6 6. a4 Nc6 7. Bc4 g6 8. O-O
Bg7 9. d3 O-O 10. Be3 e5 11. Re1 Be6 12. Bxe6 Qxe6 13. Ng5 Qf5 14. Qf3 Qxf3 15.
Nxf3 Rad8 16. Rad1 Rfe8 17. Ng5 Nb4 18. Rc1 Nfd5 19. Bd2 Nxc2 20. Rxc2 Nb4 21.
Rcc1 Nxd3 22. Be3 f5 23. Rcd1 Nxe1 24. Rxe1 h6 25. Nf3 g5 26. Bc5 e4 27. Nh2 Rd3
28. Rc1 Red8 29. Kf1 b6 30. Ba3 Bxc3 31. bxc3 Rd1+ 32. Rxd1 Rxd1+ 33. Ke2 Ra1
34. Be7 Rxa4 35. Bf6 Kf7 36. Be5 c5 37. Nf1 Ke6 38. Bg7 h5 39. Nd2 Ra2 40. Ke1
b5 41. c4 Ra4 42. Bf8 bxc4 43. Bxc5 Ra1+ 44. Ke2 c3 45. Nb3 Rb1 46. Nd4+ Kd5 47.
Ba7 Rb7 0-1

[Event "Druzynowe Mistrzostwa Polski - II liga"]
[Site "Sypniewo k. Jastrowia"]
[Date "1899-12-30"]
[Round "7.5"]
[White "Karwowski, Kacper"]
[Black "Bartlomowicz, Jakub"]
[Result "1-0"]
[WhiteTitle "CM"]
[BlackTitle "I"]
[WhiteElo "2230"]
[BlackElo "1762"]

1. Nf3 d5 2. g3 Nf6 3. Bg2 Bf5 4. O-O e6 5. c4 c6 6. b3 Nbd7 7. Bb2 Be7 8. d3 O-O
9. Nbd2 h6 10. Qc2 Bh7 11. Rfe1 Rc8 12. Rad1 Qc7 13. Qb1 c5 14. Qa1 Rfe8 15. Ne5
d4 16. Nxd7 Nxd7 17. b4 b6 18. b5 e5 19. Bc6 a5 20. Nf1 Bf6 21. e4 g5 22. Bc1
Bg7 23. Qb2 Bg6 24. Qe2 Rf8 25. f4 gxf4 26. gxf4 Nf6 27. Qf2 Bh5 28. fxe5 Qxe5
29. Bf4 Qe7 30. Rd2 Ng4 31. Qg3 Be5 32. Rg2 Kh7 33. Bxe5 Qxe5 34. Bd7 Nxh2 35.
Kxh2 Qxg3+ 36. Nxg3 Bf3 37. Rf2 Rcd8 38. Bf5+ 1-0

[Event "Druzynowe Mistrzostwa Polski - II liga"]
[Site "Sypniewo k. Jastrowia"]
[Date "1899-12-30"]
[Round "7.6"]
[White "Trusz, Julia"]
[Black "Krupa, Monika"]
[Result "1/2-1/2"]
[WhiteTitle "I++"]
[BlackTitle "WGM"]
[WhiteElo "1659"]
[BlackElo "2194"]

1. d4 Nf6 2. c4 e6 3. g3 d5 4. Nf3 dxc4 5. Bg2 a6 6. O-O b5 7. a4 c6 8. b3 cxb3
9. Qxb3 Bb7 10. Rd1 Be7 11. Ne5 Nd5 12. e4 Nb6 13. Nc3 Bd6 14. Nd3 O-O 15. Be3
Nc4 16. e5 Be7 17. axb5 axb5 18. Rxa8 Bxa8 19. Nxb5 cxb5 20. Bxa8 Qa5 21. Bg2
Nd7 22. Bc6 Ndb6 23. Qxb5 Qxb5 24. Bxb5 Nxe3 25. fxe3 Nd5 26. Re1 Rc8 27. Nf4
Nb4 28. Kf2 g6 29. Kf3 Rc3 30. Re2 Nc2 31. Kf2 Ba3 32. Ba4 Nb4 33. Kf3 Bc1 34.
Kf2 g5 35. Nh5 Nd5 36. Nf6+ Nxf6 37. exf6 h5 38. h3 Kh7 39. Bc2+ Kh6 40. Be4 g4
41. h4 Rb3 42. Re1 Bd2 43. Re2 Bc1 44. Re1 Bd2 45. Re2 Bc1 46. Re1 Rc3 47. Re2
Rb3 1/2-1/2

[Event "Druzynowe Mistrzostwa Polski - II liga"]
[Site "Sypniewo k. Jastrowia"]
[Date "1899-12-30"]
[Round "7.7"]
[White "Bebel, Arkadiusz"]
[Black "Cukrowski, Filip"]
[Result "1-0"]
[WhiteTitle "FM"]
[BlackTitle "FM"]
[WhiteElo "2294"]
[BlackElo "2382"]

1. Nf3 Nf6 2. g3 c5 3. Bg2 Nc6 4. O-O d5 5. d4 e6 6. c4 Be7 7. dxc5 Bxc5 8. a3
a5 9. cxd5 exd5 10. Qc2 Be7 11. Rd1 O-O 12. Nc3 Be6 13. Ng5 g6 14. Nxe6 fxe6 15.
Bh3 Qd6 16. Nb5 Qd7 17. e4 Ne5 18. Qe2 Nxe4 19. Qxe4 dxe4 20. Rxd7 Nxd7 21. Bxe6+
Kg7 22. Bxd7 Rad8 23. Bg4 h5 24. Be2 Bc5 25. Be3 Bxe3 26. fxe3 Rd2 27. Nd4 Rf6
28. b3 g5 29. h3 Kg6 30. Rc1 a4 31. bxa4 Ra2 32. Rc3 b6 33. Rb3 h4 34. gxh4 gxh4
35. Bg4 Ra1+ 36. Kg2 Ra2+ 37. Ne2 Kg7 38. Rb4 Rg6 39. Kf2 Rf6+ 40. Ke1 Ra1+ 41.
Kd2 Rd6+ 42. Kc2 Rxa3 43. Rxe4 Rdd3 44. Nd4 Rac3+ 45. Kb2 Kf8 46. Re6 Rxe3 47.
Rxb6 Rc4 48. Nf5 Rec3 49. Rb8+ Rc8 50. Rxc8+ Rxc8 51. Nxh4 1-0

[Event "Druzynowe Mistrzostwa Polski - II liga"]
[Site "Sypniewo k. Jastrowia"]
[Date "1899-12-30"]
[Round "7.8"]
[White "Kacprzak, Karol"]
[Black "Sowul, Bartosz"]
[Result "0-1"]
[WhiteTitle "k"]
[BlackTitle "k+"]
[WhiteElo "2200"]
[BlackElo "2248"]

1. e4 c5 2. Nf3 Nc6 3. d4 cxd4 4. Nxd4 Nf6 5. Nc3 d6 6. f3 e5 7. Nb3 Be7 8. Be3
O-O 9. Qd2 a5 10. Bb5 Na7 11. Bd3 Nc6 12. Bb5 Na7 13. Bd3 Be6 14. Rd1 Nc8 15.
O-O Nb6 16. Qf2 Nc4 17. Bxc4 Bxc4 18. Rfe1 Qc8 19. Qd2 a4 20. Nc1 Rd8 21. Bb6
Rd7 22. b3 axb3 23. axb3 Be6 24. Nd3 Qc6 25. Be3 Rc7 26. Nd5 Nxd5 27. exd5 Qxd5
28. c4 Qc6 29. Nb4 Qe8 30. f4 Rd7 31. Nd5 Bd8 32. Nb6 Bxb6 33. Bxb6 Ra6 34. Qf2
f6 35. Rd2 Qc8 36. Be3 Ra3 37. Rb2 Qc6 38. Ra2 Rxa2 39. Qxa2 Rd8 40. Qa5 Rb8 41.
Bf2 Kf7 42. h3 b5 43. Qb4 Rb7 44. c5 dxc5 45. Bxc5 Rc7 46. Bf2 exf4 47. Qxf4 Bxb3
48. Qf5 Bc2 49. Qf4 Bg6 50. Qb4 h6 51. Rd1 Re7 52. Rd4 Bf5 53. Rf4 Be4 54. Qb3+
Qc4 55. Qg3 g5 56. Rg4 h5 57. Rxg5 Qc1+ 0-1

[Event "Druzynowe Mistrzostwa Polski - II liga"]
[Site "Sypniewo k. Jastrowia"]
[Date "1899-12-30"]
[Round "7.9"]
[White "Solnicki, Michal"]
[Black "Kacprzak, Kacper"]
[Result "1/2-1/2"]
[WhiteTitle "k"]
[BlackTitle "k"]
[WhiteElo "2166"]
[BlackElo "2229"]

1. d4 Nf6 2. Nf3 e6 3. g3 b5 4. Bg2 Bb7 5. O-O c5 6. Bg5 Be7 7. dxc5 Bxc5 8. Qd3
a6 9. Nbd2 d5 10. e4 Be7 11. e5 Nfd7 12. Bxe7 Qxe7 13. Nb3 Nc5 14. Nxc5 Qxc5 15.
Qd4 Qc7 16. c3 O-O 17. Rfe1 Nc6 18. Qd3 h6 19. g4 Ne7 20. h4 Qc4 21. Qxc4 dxc4
1/2-1/2

[Event "Druzynowe Mistrzostwa Polski - II liga"]
[Site "Sypniewo k. Jastrowia"]
[Date "1899-12-30"]
[Round "7.10"]
[White "Poltorak, Sebastian"]
[Black "Zysko, Jan"]
[Result "1-0"]
[WhiteTitle "k"]
[BlackTitle "k"]
[WhiteElo "2264"]
[BlackElo "2080"]

1. e4 c5 2. Nc3 e6 3. Nge2 Nc6 4. g3 d5 5. exd5 exd5 6. d4 cxd4 7. Nxd4 Nf6 8.
Bg2 Bg4 9. f3 Bd7 10. O-O Be7 11. Re1 O-O 12. Be3 Re8 13. Bf2 Rc8 14. Nce2 Bd6
15. c3 Ne5 16. Nf4 Qc7 17. Nd3 Nc4 18. Qc2 a6 19. Rad1 h6 20. Bf1 Ne4 21. fxe4
dxe4 22. Nf4 e3 23. Nd5 exf2+ 24. Qxf2 Qa5 25. Rxe8+ Bxe8 26. Qf5 Qd8 27. Qg4
Ne5 28. Qe4 Bc6 29. Nxc6 Rxc6 30. Kh1 Qg5 31. Bg2 g6 32. Qf4 Kg7 33. Qxg5 hxg5
34. Nf6 Rb6 35. Ne8+ Kf8 36. Nxd6 Rxb2 37. Nxb7 Ng4 38. Re1 Nf2+ 39. Kg1 Nd3 40.
Rd1 1-0

[Event "Druzynowe Mistrzostwa Polski - II liga"]
[Site "Sypniewo k. Jastrowia"]
[Date "1899-12-30"]
[Round "7.11"]
[White "Gluszko, Monika"]
[Black "Sowa, Wiktoria"]
[Result "0-1"]
[WhiteTitle "k"]
[BlackTitle "WFM"]
[WhiteElo "1916"]
[BlackElo "2016"]

1. e4 e5 2. Nf3 Nc6 3. Bc4 Bc5 4. c3 Nf6 5. d3 d6 6. Nbd2 a6 7. Bb3 Ba7 8. Nf1
h6 9. Ng3 O-O 10. O-O Re8 11. h3 Be6 12. Nh2 d5 13. exd5 Bxd5 14. Ng4 Be6 15.
Qf3 Nxg4 16. hxg4 Qd7 17. Nf5 Bxb3 18. axb3 Re6 19. g5 hxg5 20. Bxg5 Rg6 21. Bh4
Qe6 22. Ra4 Re8 23. Rg4 Rxg4 24. Qxg4 g6 25. Nh6+ Kg7 26. Qxe6 Rxe6 27. Ng4 g5
28. Bxg5 Rg6 29. Bh6+ Kh7 30. Be3 Rxg4 31. Bxa7 Nxa7 32. f3 Rg6 33. Re1 Nc6 34.
Kf2 Rd6 35. Ke3 f5 36. g4 fxg4 37. fxg4 Kg6 38. Rh1 Rd8 39. Rh5 Rf8 40. b4 Rf4
41. Rh8 Rxg4 42. Rc8 Ne7 43. Rb8 b6 44. Ra8 Nd5+ 45. Kf3 Rf4+ 46. Ke2 Rf7 47.
Rxa6 Rd7 48. Kf3 Kf5 49. Ra8 Nf6 50. Ke3 Rh7 51. c4 Rh2 52. b5 Rxb2 53. Rc8 Ng4+
54. Kf3 Rb3 55. Ke2 Rb2+ 56. Kf3 Rf2+ 57. Kg3 Rd2 58. Rd8 Nf6 59. Kf3 Rxd3+ 0-1

[Event "Druzynowe Mistrzostwa Polski - II liga"]
[Site "Sypniewo k. Jastrowia"]
[Date "1899-12-30"]
[Round "7.12"]
[White "Starosta, Martyna"]
[Black "Kaniak, Monika"]
[Result "1-0"]
[WhiteTitle "WCM"]
[BlackTitle "k"]
[WhiteElo "1809"]
[BlackElo "1830"]

1. e4 e5 2. Nf3 Nc6 3. Bb5 a6 4. Ba4 g6 5. d4 b5 6. Bb3 exd4 7. Bg5 Be7 8. Bf4
Bb7 9. O-O Bf6 10. Qd2 Bg7 11. Ng5 Nh6 12. f3 f6 13. c3 Na5 14. cxd4 Nxb3 15.
axb3 O-O 16. Nh3 Nf7 17. Nc3 d5 18. exd5 Bxd5 19. Bxc7 Qxc7 20. Nxd5 Qd6 21. Ne3
f5 22. d5 Rfe8 23. Rad1 Bh6 24. f4 Qb6 25. Rfe1 Re4 26. Kh1 Rae8 27. Nc2 Nd6 28.
Rf1 Qc5 29. Nd4 Bg7 30. Ne6 Qe3 31. Qa5 Qxb3 32. Qc7 R4xe6 33. dxe6 Bf8 34. Rxd6
Bxd6 35. Qf7+ 1-0

[Event "Druzynowe Mistrzostwa Polski - II liga"]
[Site "Sypniewo k. Jastrowia"]
[Date "1899-12-30"]
[Round "7.13"]
[White "Stoma, Pawel"]
[Black "Gumula, Daniel"]
[Result "1-0"]
[WhiteTitle "m"]
[BlackTitle "FM"]
[WhiteElo "2328"]
[BlackElo "2163"]

1. d4 Nf6 2. Nf3 d6 3. Bf4 g6 4. e3 Bg7 5. h3 O-O 6. Be2 Nfd7 7. c3 e5 8. Bh2 Nc6
9. O-O h6 10. Nbd2 f5 11. dxe5 dxe5 12. Nc4 Qe7 13. b4 e4 14. Nd4 Nce5 15. a4
Kh8 16. Qb3 Nxc4 17. Bxc4 Ne5 18. Rad1 Bd7 19. Be6 Be8 20. Qd5 Bc6 21. Qa5 b6
22. Qa6 Be8 23. Bd5 Rd8 24. Bb3 Rf6 25. Bxe5 Qxe5 26. Nc6 Bxc6 27. Rxd8+ Bf8 28.
Qc4 1-0

[Event "Druzynowe Mistrzostwa Polski - II liga"]
[Site "Sypniewo k. Jastrowia"]
[Date "1899-12-30"]
[Round "7.14"]
[White "Garbowski, Jakub"]
[Black "Pyda, Zbigniew"]
[Result "0-1"]
[WhiteTitle "k"]
[BlackTitle "FM"]
[WhiteElo "2142"]
[BlackElo "2283"]

1. e4 c5 2. Nf3 Nc6 3. d4 cxd4 4. Nxd4 e5 5. Nb5 d6 6. N1c3 a6 7. Na3 Be6 8. Nc4
Rb8 9. Bd3 Be7 10. O-O Nf6 11. Ne3 O-O 12. Ncd5 Rc8 13. c3 Re8 14. Bc2 Bf8 15.
Qd3 Nh5 16. g3 g6 17. f4 Bh3 18. Rf2 exf4 19. gxf4 Qh4 20. Bd2 Bh6 21. Nf1 f5
22. Ng3 fxe4 23. Nxe4 Bf5 24. Re1 Re6 25. Qf1 Kh8 26. Rfe2 Nd4 27. cxd4 Rxc2 28.
Ndc3 Bg7 29. Qf2 Qxf2+ 30. Nxf2 Rxe2 31. Rxe2 Bxd4 32. Kg2 Kg8 33. Kf3 Bxf2 34.
Rxf2 Rxb2 35. Ke3 Nf6 0-1

[Event "Druzynowe Mistrzostwa Polski - II liga"]
[Site "Sypniewo k. Jastrowia"]
[Date "1899-12-30"]
[Round "7.15"]
[White "Panas, Pawel"]
[Black "Maciol, Ryszard"]
[Result "0-1"]
[WhiteTitle "k"]
[BlackTitle "k"]
[WhiteElo "2158"]
[BlackElo "2138"]

1. d4 Nf6 2. Nf3 e6 3. c4 d5 4. e3 c5 5. b3 cxd4 6. exd4 Nc6 7. Bb2 Bb4+ 8. Nbd2
O-O 9. a3 Bd6 10. Be2 dxc4 11. bxc4 b6 12. O-O Bb7 13. Bd3 Rc8 14. Qe2 Na5 15.
Rfd1 Bf4 16. Rab1 Bc6 17. Ne5 Bb7 18. Ndf3 Qc7 19. g3 Bh6 20. Bc3 Nc6 21. a4 Rfd8
22. Re1 Rd6 23. c5 Rdd8 24. Ba6 Nd5 25. Ba1 Nxe5 26. Nxe5 Bxa6 27. Qxa6 Bd2 28.
Red1 Bb4 29. Rdc1 bxc5 30. dxc5 Bxc5 31. Nd3 Qe7 32. Rb7 Nc7 33. Qc4 Bb6 34. Ne5
Rd2 35. Rxb6 axb6 36. Nc6 Qd7 37. Na7 Ra8 38. Qg4 f5 39. Qf4 Rd1+ 40. Kg2 Rxc1
0-1

[Event "Druzynowe Mistrzostwa Polski - II liga"]
[Site "Sypniewo k. Jastrowia"]
[Date "1899-12-30"]
[Round "7.16"]
[White "Stachanczyk, Jacek"]
[Black "Polkowski, Piotr"]
[Result "1-0"]
[WhiteTitle "IM"]
[BlackTitle "k"]
[WhiteElo "2152"]
[BlackElo "2153"]

1. e4 e5 2. Nf3 Nc6 3. Bb5 a6 4. Ba4 Nf6 5. O-O Be7 6. Re1 b5 7. Bb3 d6 8. c3 O-O
9. h3 Na5 10. Bc2 c5 11. d4 Qc7 12. Nbd2 Bb7 13. d5 Bc8 14. b3 Bd7 15. Nf1 Ne8
16. Ng3 g6 17. Bh6 Ng7 18. Nh2 Nb7 19. Qf3 Nd8 20. Ng4 f6 21. Bd2 Ne8 22. Kh2
Nf7 23. Ne3 Ng7 24. Qe2 Qc8 25. Nd1 f5 26. exf5 Nxf5 27. Ne3 Nxg3 28. Kxg3 Ng5
29. h4 Nf7 30. h5 Bg5 31. f3 Qd8 32. Rh1 Bf4+ 33. Kf2 Qg5 34. Nf1 Nh6 35. g3 Bxd2
36. Qxd2 Qxd2+ 37. Nxd2 Kg7 38. Ke2 g5 39. g4 Nf7 40. h6+ Nxh6 41. Rxh6 Kxh6 42.
Rh1+ Kg7 43. Rxh7+ Kg8 44. Rxd7 Rad8 45. Rh7 Rf7 46. Rh5 Kf8 47. Bf5 Ke7 48. Ne4
c4 49. Nxg5 cxb3 50. Nxf7 bxa2 51. Rh1 Kxf7 52. Ra1 Rh8 53. Bc2 Rh2+ 54. Kd3 Rf2
55. Rxa2 Rxf3+ 56. Kd2 Rg3 57. Rxa6 1-0